000
00277nam a22001217a 4500
008
181003b xxu||||| |||| 00| 0 eng d
041
_a
eng
080
_a
316
100
_a
50
101
_a
soc
245
_a
Sociological Theories In Progress
_c
Anderson.S.Z
942
_2
udc
_c
BK
999
_c
48815
_d
48815